Tiny Countries of Europe - Statistics

General Stats
  • This quiz has been taken 368 times
  • The average score is 7 of 7
Answer Stats
Sq Km Answer Sq Mi % Correct
0.44 Vatican City 0.16
99%
468 Andorra 181
97%
2,586 Luxembourg 998
96%
1.95 Monaco 0.77
96%
160 Liechtenstein 62
95%
61 San Marino 23
95%
316 Malta 122
89%
No matching quizzes found
Score Distribution
Percent of People with Each Score
Percentile by Number Answered
Your Score History
You have not taken this quiz